Faire métropole par les sols habités : Trajectoire clermontoise : vers une stratégie foncière (notice n° 1950597)
[ vue normale ]
| 000 -LEADER | |
|---|---|
| fixed length control field | 01544cam a2200157 4500500 |
| 005 - DATE AND TIME OF LATEST TRANSACTION | |
| control field | 20260329031943.0 |
| 041 ## - LANGUAGE CODE | |
| Language code of text/sound track or separate title | fre |
| 042 ## - AUTHENTICATION CODE | |
| Authentication code | dc |
| 100 10 - MAIN ENTRY--PERSONAL NAME | |
| Personal name | Texier-Rideau, Géraldine |
| Relator term | author |
| 245 00 - TITLE STATEMENT | |
| Title | Faire métropole par les sols habités : Trajectoire clermontoise : vers une stratégie foncière |
| 260 ## - PUBLICATION, DISTRIBUTION, ETC. | |
| Name of publisher, distributor, etc. | Autrement,<br/> |
| Date of publication, distribution, etc. | 2025.<br/> |
| 520 ## - SUMMARY, ETC. | |
| Summary, etc. | En 2018, Clermont-Ferrand devient la ville-mère d’une aire métropolitaine à 21 communes. Son projet territorial s’inscrit dans le temps long, là où des transactions se sont nouées à ses marges et avec son hinterland. Ses sols, à la fois ressources convoitées et milieux fragiles, supports d’attachement tant mémoriels que sensibles, livrent de riches enseignements et révèlent des potentiels d’action. Cet ouvrage, qui s’appuie sur un échantillonnage de sols habités – protégés, malmenés et cultivés –, entend rendre compte de la manière dont la métropole construit sa trajectoire pour changer le regard sur la diversité des paysages métropolitains et faire émerger un territoire public, supports de nouveaux imaginaires.Les cahiers POPSU rassemblent les connaissances produites au fil des travaux de recherche-action menés par la Plateforme d’observation des projets et stratégies urbaines (POPSU) dans le cadre du programme «Métropoles». |
| 700 10 - ADDED ENTRY--PERSONAL NAME | |
| Personal name | Robin, David |
| Relator term | author |
| 700 10 - ADDED ENTRY--PERSONAL NAME | |
| Personal name | Flamand, Amélie |
| Relator term | author |
| 856 41 - ELECTRONIC LOCATION AND ACCESS | |
| Uniform Resource Identifier | <a href="https://shs.cairn.info/faire-metropole-par-les-sols-habites--9782080489654?lang=fr&redirect-ssocas=7080">https://shs.cairn.info/faire-metropole-par-les-sols-habites--9782080489654?lang=fr&redirect-ssocas=7080</a> |
Pas d'exemplaire disponible.




Réseaux sociaux